00590nam a2200169 a 450000500170000000800410001702000180005805000280007610000250010424500980012926000260022730000290025352100080028265000610029065000460035170000230039720140310183512.0101012s19uu xx 00 eng d a9781412972260 aLB 2844.1.R4b.G88 2010 aGuth, Nancy De Vries aLiteracy coaching to build adolscent learning :b5 pillars of practice /cNancy De Vries Guth aUSA :bCorwin,c2010. a111 p. :bill. ;c25 cm. aEDU aLanguage art teachers-in service training-United States. aLanguage arts ( secondary) United States. aTamie Pratt-Fartro